000 00429nam a22001817a 4500
005 20260207162425.0
008 260207b |||||||| |||| 00| 0 eng d
020 _a9788185891569
_c900.00
040 _aMAIN
041 _aEnglish
082 _a551
_bDAY
100 _aDayal, P
_926231
245 _aTextbook of geomorphology
260 _aNew Delhi
_bRajesh
_c2023
300 _a742
650 _aGeology
_91039
942 _cBK
999 _c60277
_d60277